Normal view MARC view
  • Muhammad,

Entry Corporate Name

Number of records used in: 1

001 - CONTROL NUMBER

  • control field: 2546

003 - CONTROL NUMBER IDENTIFIER

  • control field: OSt

005 - DATE AND TIME OF LATEST TRANSACTION

  • control field: 20170509092607.0

008 - FIXED-LENGTH DATA ELEMENTS

  • fixed length control field: 170509|| aca||aabn | a|a d

040 ## - CATALOGING SOURCE

  • Original cataloging agency: OSt
  • Transcribing agency: OSt

110 ## - HEADING--CORPORATE NAME

  • Corporate name or jurisdiction name as entry element: Muhammad,
  • Location of meeting: Prophet,
  • Date of meeting or treaty signing: -632

670 ## - SOURCE DATA FOUND

  • Source citation: Work cat.: (OSt)0: Rahman, Afzalur 1799, Muhammad S.A.W. :, 1992
Pusat Sumber Maklumat Dato' Haji Sarmin Md Hussin, Akademi Kastam Diraja Malaysia, Melaka
Tel: 06-2331106 | Faks: 06-2313787